[Event "ch-IND"]
[Site "Mumbai IND"]
[Date "2000.05.16"]
[Round "2"]
[White "Saravanan,V"]
[Black "Sareen,V"]
[Result "1/2-1/2"]
[WhiteElo "2412"]
[BlackElo "2351"]

1.e4 c5 2.Nf3 e6 3.d4 cxd4 4.Nxd4 a6 5.Nc3 Qc7 6.Bd3 Nc6 7.Be3 Nf6 8.O-O Ne5
9.h3 Bc5 10.Qe2 d6 11.a4 O-O 12.Nb3 Bxe3 13.Qxe3 Bd7 14.Rae1 d5 15.exd5 Nxd3
16.cxd3 Nxd5 17.Nxd5 exd5 18.a5 Rac8 19.Rc1 Qd6 20.Qd4 Rfe8 21.Nc5 Bc6 22.Rfe1 Re7
23.Rxe7 Qxe7 24.Qe3 Qd8 25.d4 h6 26.b4 Qd6 27.Re1 Re8 28.Qd2 Rxe1+ 29.Qxe1 Qf4
30.Qe3 Qxe3 31.fxe3 f6 32.Kf2 Kf7 33.h4  1/2-1/2

[Event "Open"]
[Site "Pula CRO"]
[Date "2000.05.16"]
[Round "1"]
[White "Ryznar,V"]
[Black "Cvitan,O"]
[Result "0-1"]
[WhiteElo "2172"]
[BlackElo "2489"]

1.e4 c5 2.Nf3 e6 3.Nc3 a6 4.d4 cxd4 5.Nxd4 Qc7 6.a3 Nf6 7.Qf3 Nc6 8.Be3 Be7
9.Be2 O-O 10.Qg3 Bd6 11.Qh4 Ne5 12.f3 Be7 13.Qh3 b5 14.f4 Nc4 15.Bxc4 Qxc4
16.e5 Ne8 17.Nce2 Bb7 18.Rf1 d6 19.c3 Qc7 20.exd6 Nxd6 21.Rd1 Rfe8 22.g4 Bf8
23.Nf3 Nc4 24.Bc1 Rad8 25.Rxd8 Rxd8 26.g5 Rd3 27.f5 Ne5 28.Ned4 Nxf3+ 29.Nxf3  0-1

[Event "ch-RUS Women"]
[Site "Elista RUS"]
[Date "2000.05.19"]
[Round "9"]
[White "Korbut,E"]
[Black "Shadrina,T"]
[Result "1-0"]
[WhiteElo "2294"]
[BlackElo "2348"]

1.e4 c5 2.Nf3 e6 3.Nc3 a6 4.d4 cxd4 5.Nxd4 Qc7 6.a3 Nf6 7.f4 d6 8.Qf3 Be7
9.Bd3 Nc6 10.Be3 O-O 11.O-O Nxd4 12.Bxd4 e5 13.Be3 exf4 14.Qxf4 Be6 15.Nd5 Bxd5
16.exd5 g6 17.Qh6 Ng4 18.Qf4 Nxe3 19.Qxe3 Rae8 20.Rae1 Qa5 21.Kh1 Bf6 22.Qxe8 Rxe8
23.Rxe8+ Kg7 24.b3 Qxd5 25.Re3 Qh5 26.Rh3 Bh4 27.Bc4 d5 28.Bxd5 Qxd5 29.Rxh4 f5
30.a4 g5 31.Rc4 Kg6 32.Rc3 Qd2 33.Rc5 f4 34.h3 Qe2 35.Rf3 h5 36.Kh2 g4 37.hxg4 hxg4
38.Rxf4 g3+ 39.Kh3 Qd2 40.Rcc4 Qe1 41.Rg4+ Kh5 42.Rce4 Qc1 43.Re8 Qh1+ 44.Kxg3 Qa1
45.Reg8 Qc3+ 46.Kh2 Qe5+ 47.Rg3 Kh6 48.Rh8+  1-0

[Event "Capablanca Mem Premier II"]
[Site "Varadero CUB"]
[Date "2000.05.21"]
[Round "12"]
[White "Moreno,J"]
[Black "Bellon Lopez,JM"]
[Result "0-1"]
[WhiteElo "2506"]
[BlackElo "2446"]

1.e4 c5 2.Nf3 e6 3.Nc3 a6 4.d4 cxd4 5.Nxd4 Qc7 6.Bd3 Nc6 7.Be3 Nf6 8.O-O Ne5
9.h3 Bc5 10.Kh1 b5 11.f4 Nxd3 12.cxd3 d6 13.Qe1 O-O 14.Rc1 Qb6 15.Qf2 e5
16.Nc2 Bxe3 17.Nxe3 exf4 18.Ng4 Qd8 19.Nxf6+ Qxf6 20.Nd5 Qe5 21.Qxf4 Qxb2
22.Nb6 Be6 23.Nxa8 Rxa8 24.Qxd6 Qxa2 25.d4 Bc4 26.Rfd1 a5 27.d5 Qf2 28.Qc6 Rf8
29.d6 Qf6 30.Qc5 h6 31.d7 Rd8 32.e5 Qg5 33.Qd6 Kh7 34.Rc3 a4 35.Kh2 Be6 36.Rg3 Qf4
37.Qe7  0-1

[Event "III Magistral de VRSA"]
[Site "Santo Antonio POR"]
[Date "2000.05.25"]
[Round "6"]
[White "Galego,L"]
[Black "Spraggett,K"]
[Result "0-1"]
[WhiteElo "2451"]
[BlackElo "2529"]

1.e4 c5 2.Nf3 e6 3.d4 cxd4 4.Nxd4 a6 5.Nc3 Qc7 6.Bd3 Nc6 7.Nxc6 dxc6 8.O-O e5
9.a4 a5 10.Qe2 Nf6 11.Bg5 Be7 12.Nd1 h6 13.Bd2 Nd7 14.Qg4 Bf6 15.Qg3 Nc5
16.b4 axb4 17.Bxb4 Ne6 18.Ne3 Nf4 19.Rfd1 g6 20.Nc4 c5 21.Nd6+ Kf8 22.Nb5 Qe7
23.Ba3 Kg7 24.Qe3 b6 25.Bb2 Rd8 26.Bf1 Rxd1 27.Rxd1 Rxa4 28.h4 Ra2 29.Qb3 Be6
30.c4 Ra8 31.Nd6 Rb8 32.g3 Nh5 33.Be2 Kh7 34.Ba3 Qa7 35.Bc1 Ng7 36.Qe3 h5
37.Qc3 Qe7 38.f4 Bg4 39.Bxg4 exf4 40.Qc2 hxg4 41.Bxf4 Rd8 42.Rd5 Bd4+ 43.Kg2 Ne6
44.Qd2 Nxf4+ 45.Qxf4 Rxd6 46.Qxd6 Qxe4+  0-1

[Event "City-ch"]
[Site "Lisbon POR"]
[Date "2000.05.26"]
[Round "8"]
[White "Morais,V"]
[Black "Guerra,V"]
[Result "1/2-1/2"]
[WhiteElo "2156"]
[BlackElo "2131"]

1.e4 c5 2.Nf3 e6 3.d4 cxd4 4.Nxd4 a6 5.Nc3 Qc7 6.Bd3 Nf6 7.O-O Be7 8.Qe2 d6
9.Bd2 Bd7 10.Rae1 Nc6 11.Nxc6 Bxc6 12.f4 O-O 13.e5 Nd7 14.f5 Nxe5 15.f6 gxf6
16.Bxh7+ Kxh7 17.Qh5+ Kg8 18.Rxe5 dxe5 19.Qg4+ Kh7 20.Qh4+ Kg7 21.Bh6+ Kg6
22.Bxf8 Rxf8 23.Qg3+ Kh7 24.Qh4+ Kg7 25.Qg4+ Kh7 26.Qh5+ Kg7  1/2-1/2

[Event "Guillermo Garcia Premier I"]
[Site "Santa Clara CUB"]
[Date "2000.05.26"]
[Round "3"]
[White "Perez,Rod"]
[Black "Fiorito,F"]
[Result "1/2-1/2"]
[WhiteElo "2472"]
[BlackElo "2459"]

1.e4 c5 2.Nf3 e6 3.Nc3 a6 4.d4 cxd4 5.Nxd4 Qc7 6.Be2 Nf6 7.O-O Be7 8.f4 d6
9.Be3 Nc6 10.Qe1 O-O 11.Qg3 Nxd4 12.Bxd4 b5 13.a3 Bb7 14.Kh1 Bc6 15.Rae1 Qb7
16.Bd3 Rad8 17.Nd1 g6 18.Nf2 Nh5 19.Qe3 f6 20.Bc3 e5 21.Nh3 Bd7 22.Be2 Ng7
23.Nf2 Bc6 24.Bf3 Ne6 25.Nd3 Rde8 26.g3 d5 27.exd5 Bxd5 28.Bxd5 Qxd5+ 29.Qe4 Qxe4+
30.Rxe4 f5 31.Rxe5 Bf6 32.Re3 Bxc3 33.bxc3 Nc7 34.Ne5 Nd5 35.Rd3 Nf6 36.c4 bxc4
37.Nxc4 Re2 38.Rd2 Rxd2 39.Nxd2 Re8 40.Kg1 Re2 41.Rf2 Re1+ 42.Rf1 Re2 43.Rf2 Re1+
44.Rf1 Re2  1/2-1/2

[Event "Guillermo Garcia Premier I"]
[Site "Santa Clara CUB"]
[Date "2000.05.28"]
[Round "4"]
[White "Fiorito,F"]
[Black "Mateo,Ra"]
[Result "1-0"]
[WhiteElo "2459"]
[BlackElo "2408"]

1.e4 c5 2.Nf3 e6 3.Nc3 a6 4.d4 cxd4 5.Nxd4 b5 6.Bd3 Bb7 7.O-O d6 8.Qe2 Nf6
9.a4 b4 10.Na2 Be7 11.Bd2 Qb6 12.Nb3 a5 13.c3 bxc3 14.Bb5+ Nbd7 15.Nxc3 O-O
16.Rfd1 Rfc8 17.Bg5 Ne5 18.Nd4 h6 19.Bh4 Ng6 20.Bg3 Rxc3 21.bxc3 Nxe4 22.Rac1 Bf6
23.Bd3 Nxc3 24.Rxc3 Bxd4 25.Rb1 Qa7 26.Rc7 Bb6 27.Rxb7 Qxb7 28.Be4 Qa6 29.Qxa6 Rxa6
30.Bd3 Bxf2+ 31.Kxf2 Rc6 32.Rb8+ Kh7 33.Rb5 f5 34.Rxa5 d5 35.Ke2  1-0

[Event "Guillermo Garcia Premier I"]
[Site "Santa Clara CUB"]
[Date "2000.05.28"]
[Round "4"]
[White "Teran Alvarez,I"]
[Black "Bellon Lopez,JM"]
[Result "1/2-1/2"]
[WhiteElo "2401"]
[BlackElo "2446"]

1.e4 c5 2.Nf3 e6 3.Nc3 a6 4.d4 cxd4 5.Nxd4 Qc7 6.Bd3 Nc6 7.Be3 Nf6 8.O-O Ne5
9.h3 Bc5 10.Kh1 d6 11.f4 Nxd3 12.cxd3 b5 13.Qe1 O-O 14.Qf2 b4 15.Na4 Qd7
16.Nxc5 dxc5 17.Nb3 Qxd3 18.Nxc5 Qb5 19.Bd4 Nd7 20.Qg3 g6 21.Nxd7 Bxd7 22.Bf6 Qh5
23.f5 exf5 24.exf5 Rac8 25.Rf4 Rc6 26.Be7 Re8 27.f6 a5 28.Raf1 h6 29.Rd4 Be6
30.Qd3 Kh7 31.Qg3 Qg5 32.Qxg5 hxg5 33.Re1 Bxa2 34.Re5 Ra8 35.Rxg5 Rc4 36.Rxc4 Bxc4
37.Rc5 Ba2 38.Re5 Ra6 39.Kh2 Bc4 40.Re4 Bd5 41.Re5 Ba8 42.g4 b3 43.g5 a4
44.Bf8 Bc6 45.Ba3 Ra8 46.Rc5 Bd7 47.Kg3 Be6 48.Rc7 Rd8 49.Re7 Bd5 50.Kf4 Kg8
51.h4 Bc4 52.Ra7 Bb5 53.Ke5 Bc6 54.Rc7 Bf3 55.Kf4 Bd5 56.Ra7 Bc6 57.Rc7 Bg2
58.h5 gxh5 59.g6 Bd5 60.Be7 Ra8 61.g7 Be6 62.Ba3 Bg4 63.Rb7 Be2 64.Bd6 Ba6
65.Re7 Bd3 66.Rb7 Bg6 67.Ba3 Kh7 68.Kg5 Rd8 69.Rb5 Ra8 70.Rb7 Kg8 71.Rb5 Kh7
72.Rb4 Ra5+ 73.Kh4 Ra8 74.Kg5 Ra5+ 75.Kh4 Ra8 76.Kg5 Ra5+  1/2-1/2

[Event "III Magistral de VRSA"]
[Site "Santo Antonio POR"]
[Date "2000.05.28"]
[Round "9"]
[White "Romero Holmes,A"]
[Black "Rocha,S"]
[Result "1-0"]
[WhiteElo "2483"]
[BlackElo "2380"]

1.e4 c5 2.Nf3 e6 3.d4 cxd4 4.Nxd4 a6 5.Nc3 b5 6.g3 Bb7 7.Bg2 Nf6 8.Qe2 Qc7
9.O-O b4 10.Nd5 exd5 11.exd5+ Kd8 12.Bg5 h6 13.Bxf6+ gxf6 14.Rfe1 Bc5 15.Nb3 Qd6
16.Na5 Ra7 17.Qf3 h5 18.c3 bxc3 19.Nc4 Qf8 20.Qxf6+ Kc8 21.Qxc3 a5 22.Re8+  1-0

[Event "ch-IND"]
[Site "Mumbai IND"]
[Date "2000.05.31"]
[Round "14"]
[White "Thipsay,P"]
[Black "Sriram,J"]
[Result "1/2-1/2"]
[WhiteElo "2475"]
[BlackElo "2356"]

1.e4 c5 2.Nf3 e6 3.d4 cxd4 4.Nxd4 a6 5.Nc3 Qc7 6.Bd3 Nc6 7.Be3 Nf6 8.O-O Ne5
9.h3 Bc5 10.Qe1 d6 11.Kh1 O-O 12.Rd1 b5 13.f4 Nc4 14.Bxc4 bxc4 15.Bc1 Bb7
16.f5 e5 17.Nde2 Nxe4 18.Nxe4 Bxe4 19.Nc3 Bb7 20.f6 Rfd8 21.Qg3 g6 22.Nd5 Bxd5
23.Rxd5 Kh8 24.Qh4 Rab8 25.Qxc4 Qc6 26.Qe4 Rb4 27.c4 Qa4 28.Qd3 Re8  1/2-1/2

[Event "Master Open"]
[Site "Lausanne SUI"]
[Date "2000.06.01"]
[Round "3"]
[White "Volokitin,A"]
[Black "Kveinys,A"]
[Result "1-0"]
[WhiteElo "2347"]
[BlackElo "2496"]

1.e4 c5 2.Nf3 e6 3.d4 cxd4 4.Nxd4 a6 5.Nc3 b5 6.Bd3 Qb6 7.Be3 Bc5 8.Be2 Nc6
9.Nxc6 Bxe3 10.fxe3 dxc6 11.Qd4 Qxd4 12.exd4 e5 13.dxe5 Ne7 14.a4 Rb8 15.axb5 axb5
16.Bh5 Ng6 17.Bxg6 hxg6 18.Ra7 Rh5 19.O-O Be6 20.Rc7 b4 21.Ne2 Bc4 22.Re1 Rxe5
23.Nd4 Rd8 24.c3 bxc3 25.Nxc6 Rb5 26.b3 Bxb3 27.Nxd8 Kxd8 28.Rxc3 Be6 29.Ra1 Ke7
30.h3 Kf6 31.Kf2 g5 32.Kf3 g4+ 33.hxg4 Kg5 34.Kg3 Re5 35.Ra4 Bxg4 36.Rac4 Be2
37.Rc5 Kf6 38.Rxe5 Kxe5 39.Rc7 Kf6 40.e5+ Ke6 41.Kf4 Bd3 42.Rc8 Bb1 43.Re8+ Kd7
44.Rg8 g6 45.Rb8 Ba2 46.Rb6 Ke7 47.Kg5 Bc4 48.Kh6 Kf8 49.g3 Bd5 50.Rb5 Bc4
51.Rb8+ Ke7 52.Kg7 Ke6 53.Re8+ Kf5 54.Re7 g5 55.g4+ Kxg4 56.Rxf7 Kh3 57.Rc7 Bd5
58.Kf6 g4 59.Kf5 g3 60.Kf4  1-0

[Event "Bank Pocztowy Open"]
[Site "Bydgoszcz POL"]
[Date "2000.06.02"]
[Round "5"]
[White "Gorin,L"]
[Black "Poluljahov,A"]
[Result "0-1"]
[WhiteElo "2413"]
[BlackElo "2526"]

1.e4 c5 2.Nf3 e6 3.d4 cxd4 4.Nxd4 a6 5.Nc3 Qc7 6.g3 Bb4 7.Ne2 Nf6 8.Bg2 Nc6
9.O-O Be7 10.a4 d6 11.h3 Rb8 12.g4 h6 13.Ng3 g5 14.Nce2 h5 15.Bxg5 hxg4 16.hxg4 Nxg4
17.Bd2 Nce5 18.Nd4 Rg8 19.Qe2 Qc5 20.c3 Bd7 21.Be1 Nc6 22.Nf3 Nge5 23.b4 Qc4
24.Qxc4 Nxc4 25.Nd2 N6e5 26.Nxc4 Nxc4 27.Bf3 Nb2 28.Bd2 Nxa4 29.c4 Bf6 30.Rac1 Be5
31.Kg2 Bc6 32.Rh1 Nb2 33.Rh3 Nd3 34.Rb1 b5 35.cxb5 axb5 36.Rb3 Nf4+ 37.Bxf4 Bxf4
38.Rc3 Rc8 39.Kf1 Be5 40.Rc2 Ke7 41.Rh2 Bd7  0-1

[Event "Guillermo Garcia Premier I"]
[Site "Santa Clara CUB"]
[Date "2000.06.07"]
[Round "12"]
[White "Perez,Rod"]
[Black "Mateo,Ra"]
[Result "1-0"]
[WhiteElo "2472"]
[BlackElo "2408"]

1.e4 c5 2.Nf3 e6 3.Nc3 a6 4.d4 cxd4 5.Nxd4 b5 6.Bd3 Bb7 7.O-O d6 8.Qe2 Nf6
9.f4 Be7 10.a3 g6 11.Nf3 Nbd7 12.e5 dxe5 13.fxe5 Ng4 14.Be4 Qb6+ 15.Kh1 Rc8
16.Bxb7 Qxb7 17.Bg5 Qc7 18.Rad1 Bxg5 19.Nxg5 Ngxe5 20.Rxf7 Qc4 21.Qf2 Qc5
22.Qf4 Rf8 23.Nce4 Rxf7 24.Nxf7 Qxc2 25.Ned6+  1-0

[Event "zt 1.9"]
[Site "Ordzhonikidze UKR"]
[Date "2000.06.10"]
[Round "2"]
[White "Moroz,A"]
[Black "Anapolsky,S"]
[Result "1/2-1/2"]
[WhiteElo "2513"]
[BlackElo "2448"]

1.e4 c5 2.Nf3 a6 3.Nc3 e6 4.d4 cxd4 5.Nxd4 Qc7 6.Bd3 d6 7.O-O g6 8.Be3 Bg7
9.Qd2 Nf6 10.Bh6 O-O 11.Bxg7 Kxg7 12.Kh1 b5 13.a4 b4 14.Na2 e5 15.Ne2 a5
16.c3 b3 17.Nac1 Be6 18.Ng3 Nbd7 19.f4 Rad8 20.f5 Bc4 21.Qe2 Bxd3 22.Nxd3 Nc5
23.Rf2 h5 24.Nxc5 Qxc5 25.Rf3 Qc6 26.h4 d5 27.exd5 Qxd5 28.Qe3 e4 29.Rff1 Qe5
30.Qg5 Rde8 31.Rae1 Kh7 32.Rf4 e3 33.Ref1 Rg8 34.fxg6+ Rxg6 35.Qxe5 Rxe5
36.Rxf6 Rxg3 37.Rxf7+ Kg8 38.R7f4 e2 39.Re1 Rd3 40.Rd4 Rxd4 41.cxd4 Re4  1/2-1/2

[Event "TCh-POR"]
[Site "Aveiro POR"]
[Date "2000.06.11"]
[Round "1"]
[White "Rocha,S"]
[Black "Galego,L"]
[Result "1/2-1/2"]
[WhiteElo "2380"]
[BlackElo "2451"]

1.e4 c5 2.Nf3 e6 3.d4 cxd4 4.Nxd4 a6 5.Nc3 Qc7 6.Be2 Nf6 7.O-O Bb4 8.Qd3 Nc6
9.Nxc6 dxc6 10.f4 O-O 11.e5 Nd5 12.Ne4 Be7 13.c4 Nb4 14.Qc3 c5 15.a3 Nc6
16.Qh3 f5 17.exf6 Bxf6 18.Nxf6+ Rxf6 19.Bd3 h6 20.Qe3 Nd4 21.b4 b6 22.Bb2 Bb7
23.Bxd4 cxd4 24.Qxd4 Raf8 25.Qe5 Qf7 26.Rae1 a5 27.bxa5 bxa5 28.Qxa5 Qd7
29.Qd2 Rd8 30.Rd1 Be4 31.Qe3 Bxd3 32.Rf3 Qb7 33.Rxd3 Qb1+ 34.Kf2 Rxd3 35.Qxd3 Qxd3
36.Rxd3 Rxf4+ 37.Ke3 Rxc4  1/2-1/2

[Event "Jack Collins Int Gp B"]
[Site "New York USA"]
[Date "2000.06.12"]
[Round "1"]
[White "Shahade,G"]
[Black "Gustafsson,J"]
[Result "1/2-1/2"]
[WhiteElo "2461"]
[BlackElo "2484"]

1.e4 c5 2.Nf3 e6 3.d4 cxd4 4.Nxd4 a6 5.Nc3 b5 6.Bd3 Qb6 7.Be3 Bc5 8.Be2 Nc6
9.Nxc6 Bxe3 10.fxe3 dxc6 11.Qd4 Qxd4 12.exd4 e5 13.d5 Ne7 14.O-O-O Ra7 15.dxc6  1/2-1/2

[Event "ch-IND Women"]
[Site "Mumbai IND"]
[Date "2000.06.13"]
[Round "7"]
[White "Thipsay,B"]
[Black "Safira,S"]
[Result "1-0"]
[WhiteElo "2247"]
[BlackElo "2136"]

1.e4 c5 2.Nf3 e6 3.d4 cxd4 4.Nxd4 a6 5.Nc3 b5 6.Bd3 Qb6 7.Nb3 Qc7 8.O-O Nf6
9.Qe2 Nc6 10.f4 d6 11.Bd2 Be7 12.Rae1 Bb7 13.Kh1 O-O 14.Rf3 b4 15.Nd1 e5
16.Rh3 exf4 17.Bxf4 Bc8 18.Rg3 Ne5 19.Ne3 Re8 20.Rf1 Kh8 21.Bg5 Qd8 22.Nd4 Ng8
23.Bxe7 Nxe7 24.Qh5 g6 25.Qh6 Ng8 26.Qf4 Qb6 27.Nf3 Nxf3 28.Rgxf3 Be6 29.e5 dxe5
30.Qxe5+ f6 31.Rxf6 Bxa2 32.Re6+ Nf6 33.Qxf6+ Kg8 34.Rxb6  1-0

[Event "IM"]
[Site "Stockholm SWE"]
[Date "2000.06.14"]
[Round "5"]
[White "Matros,A"]
[Black "Dzevlan,M"]
[Result "1/2-1/2"]
[WhiteElo "2413"]
[BlackElo "2414"]

1.e4 c5 2.Nf3 e6 3.Nc3 a6 4.d4 cxd4 5.Nxd4 Qc7 6.Bd3 Nf6 7.f4 d6 8.O-O Be7
9.Kh1 Nc6 10.Nxc6 bxc6 11.b3 O-O 12.Bb2 e5 13.f5 d5 14.Qf3 Bb7 15.Rae1 Rfe8
16.Nd1 dxe4 17.Bxe4 Nxe4 18.Qxe4 f6 19.Ne3 Bf8 20.Rd1 Rad8 21.Bc3 Kh8 22.Qa4 Rxd1
23.Rxd1 Bc5 24.Nc4 Rd8 25.Rf1 Rd5 26.Bb4 Ba7 27.Nb2 Bd4 28.c3 Be3 29.c4 Rd7
30.c5 Bh6 31.Ba5 Qc8 32.Nc4 Rd4 33.h3 Qd7 34.Qb4 Rd1 35.Rxd1 Qxd1+ 36.Qe1 Qxe1+
37.Bxe1 Bc8 38.Nd6 Bd7 39.Nf7+ Kg8 40.Nxh6+ gxh6 41.g4 h5 42.Kg2  1/2-1/2

[Event "zt 1.9"]
[Site "Ordzhonikidze UKR"]
[Date "2000.06.15"]
[Round "7"]
[White "Kuzmin,G"]
[Black "Rogovski,V"]
[Result "1-0"]
[WhiteElo "2466"]
[BlackElo "2466"]

1.e4 c5 2.Nf3 e6 3.d4 cxd4 4.Nxd4 a6 5.Nc3 b5 6.Bd3 Qb6 7.Nf3 Nc6 8.O-O d6
9.a4 b4 10.a5 Nxa5 11.Na4 Qc7 12.Be3 Rb8 13.Nb6 Rxb6 14.Rxa5 Rb8 15.Qa1 Nf6
16.Bxa6 Bxa6 17.Rxa6 Be7 18.Ra7 Rb7 19.Ra8+ Bd8 20.Qa4+ Qd7 21.Qa6 Nxe4 22.Rd1 f6
23.Bb6 Ke7 24.Rxd8 Rxd8 25.Bxd8+ Kxd8 26.Nd4 Kc7 27.Qc4+ Nc5 28.Nb3 Qe7 29.Ra1 Kb8
30.Nd4 Qe8 31.Qa2 Kc7 32.Re1 e5 33.Nb3 Nxb3 34.Qxb3 Kb8 35.Qd5 Qd8 36.Rd1 Rb6
37.Ra1 Rb7 38.Ra6 Ra7 39.Qb5+ Rb7 40.Qa4 Qe7 41.Qa5 Kc8 42.h3 f5 43.Qd5 Kc7
44.Ra8 Kb6 45.Qc4 Ra7 46.Qxb4+ Kc6 47.Qc3+ Kb7 48.Qc8+ Kb6 49.Rb8+ Rb7 50.Rxb7+ Qxb7
51.Qxf5 h6 52.Qd3 Qc7 53.Qd5 Ka7 54.c4 Qb6 55.Qd2 Kb8 56.b4 Kc7 57.Qc3 Kd7
58.h4 Ke7 59.h5 Kf6 60.b5 Kf7 61.Qf3+ Ke7 62.Qd5 Qa7 63.g3 Qc7 64.Kg2 Qa7
65.Qc6 Qd4 66.b6 e4 67.b7 Qd3 68.Qd5 Qb1 69.c5 dxc5 70.Qxc5+  1-0

[Event "IM"]
[Site "Stockholm SWE"]
[Date "2000.06.15"]
[Round "6"]
[White "Olsson,An"]
[Black "Matros,A"]
[Result "0-1"]
[WhiteElo "2222"]
[BlackElo "2413"]

1.e4 c5 2.Nf3 e6 3.d4 cxd4 4.Nxd4 a6 5.Nc3 Qc7 6.g3 Nf6 7.Bg2 Be7 8.O-O O-O
9.f4 d6 10.a4 Nc6 11.Nb3 b6 12.g4 Nd7 13.g5 Re8 14.Be3 Rb8 15.Qe2 Na5 16.Rae1 Nc4
17.Bc1 b5 18.axb5 axb5 19.Rf3 b4 20.Nd1 Ba6 21.Rh3 Nf8 22.Kh1 d5 23.e5 Qb6
24.Qh5 Rec8 25.Rg1 Bb5 26.Be3 Nxe3 27.Nxe3 Be8 28.Qf3 d4 29.Ng4 Rxc2 30.Nf6+ Bxf6
31.gxf6 g6 32.Qg4 Bc6 33.Qg5 Rxg2 34.Rxg2 Qb5 35.Nd2 Qe2 36.Nf3 Bxf3 37.Rxf3 Qd1+
38.Rg1 Qxf3+ 39.Rg2 Rc8 40.h3 Qxh3+  0-1

[Event "TCh-POR"]
[Site "Aveiro POR"]
[Date "2000.06.17"]
[Round "4"]
[White "Rocha,S"]
[Black "Vitor,A"]
[Result "0-1"]
[WhiteElo "2380"]
[BlackElo "2302"]

1.e4 c5 2.Nf3 e6 3.d4 cxd4 4.Nxd4 a6 5.Nc3 b5 6.g3 Bb7 7.Bg2 Nc6 8.O-O Rc8
9.a3 Bc5 10.Be3 Ne5 11.b3 Be7 12.Nde2 d6 13.h3 Qc7 14.Rc1 Nf6 15.f4 Nc6 16.g4 O-O
17.g5 Nd7 18.Ng3 b4 19.Nd5 exd5 20.exd5 Rfe8 21.dxc6 Bxc6 22.Bd4 bxa3 23.Nf5 Bf8
24.Nh6+ gxh6 25.gxh6 Bxh6 26.Qg4+ Kf8 27.Rf2 Re6 28.f5 Rf6 29.Re2 Bxg2 30.Bxf6 Nxf6
31.Qh4 Bg7 32.Rxg2 Re8 33.Rf1 Re4 34.Qg5 Bh8 35.c4 Qc5+ 36.Kh1 Qe3 37.Ra1 Qxh3+
38.Kg1 Qxb3 39.Rg3 Qb2 40.Rd1 a2 41.Qh6+ Ke7 42.Rg8 Qb6+  0-1

[Event "11th Open"]
[Site "Ljubljana SLO"]
[Date "2000.06.17"]
[Round "1"]
[White "Podlesnik,B"]
[Black "Grom,W"]
[Result "1-0"]
[WhiteElo "2415"]
[BlackElo "2001"]

1.e4 c5 2.Nc3 a6 3.Nf3 e6 4.d4 cxd4 5.Nxd4 b5 6.Bd3 Bb7 7.f4 Bc5 8.Nb3 Ba7
9.Qe2 Ne7 10.Be3 Bxe3 11.Qxe3 d5 12.O-O-O Nd7 13.f5 O-O 14.fxe6 fxe6 15.exd5 e5
16.Qh3 g6 17.Qe6+ Kg7 18.Rhf1 Bc8 19.Rxf8 Nxf8 20.Qxe5+ Kg8 21.d6 Nf5 22.Be4 Be6
23.Nc5 Bf7 24.Nd5 Ng7 25.Ne7+ Kh8 26.Bxa8 Qxa8 27.d7  1-0

[Event "TCh-POR"]
[Site "Aveiro POR"]
[Date "2000.06.18"]
[Round "5"]
[White "Morais,V"]
[Black "Galego,L"]
[Result "0-1"]
[WhiteElo "2156"]
[BlackElo "2451"]

1.e4 c5 2.Nf3 e6 3.d4 cxd4 4.Nxd4 a6 5.Nc3 Qc7 6.Bd3 Nf6 7.Qe2 d6 8.O-O Be7
9.Bg5 h6 10.Bh4 g5 11.Bg3 Nbd7 12.Rad1 Ne5 13.h4 Bd7 14.hxg5 hxg5 15.Rfe1 O-O-O
16.Nf3 Rh5 17.Nxe5 dxe5 18.Qd2 Rdh8 19.Kf1 Bc6 20.Ke2 R5h7 21.Qe3 Nh5 22.Kd2 Nf4
23.Bf1 Qa5 24.Kc1 Bc5 25.Qd2 Bd4 26.Kb1 Bxc3 27.Qxc3 Qxc3 28.bxc3 Rd8 29.Rxd8+ Kxd8
30.f3 Rh1 31.Kb2 Kc7 32.c4 f6 33.Kc3 Rxf1 34.Rxf1 Ne2+ 35.Kb4 Nxg3 36.Re1 Kd6
37.a4 a5+ 38.Kb3 Kc5 39.c3 g4 40.Re3 Nf1 41.Rd3 gxf3 42.gxf3 f5 43.exf5 exf5  0-1

[Event "It"]
[Site "Valjevo YUG"]
[Date "2000.06.18"]
[Round "2"]
[White "Gross,Dav CZE"]
[Black "Pikula,D"]
[Result "0-1"]
[WhiteElo "2465"]
[BlackElo "2476"]

1.e4 c5 2.Nf3 e6 3.d4 cxd4 4.Nxd4 a6 5.Nc3 Qc7 6.f4 d6 7.Bd3 g6 8.O-O Bg7
9.Be3 Nf6 10.Qf3 O-O 11.Rae1 Nbd7 12.Nb3 Re8 13.g4 b5 14.g5 Nh5 15.Qf2 Bb7
16.Bd4 e5 17.fxe5 Nxe5 18.Be2 b4 19.Nd1 d5 20.exd5 Bxd5 21.Ne3 Bxb3 22.axb3 Nd3
23.Bxd3 Bxd4 24.Bc4 Re7 25.Kg2 Qc5 26.Qf3 Qxg5+ 27.Ng4 Raa7 28.Rxe7 Rxe7
29.Bxf7+ Kg7 30.Kh1 Nf6 31.Nxf6 Bxf6 32.Bc4 a5 33.Qa8 Qe5 34.Qg8+ Kh6 35.Qf8+ Bg7
36.Qf3 Qe4 37.Qxe4 Rxe4 38.Ra1 Re5 39.Rd1 Rh5 40.Kg2 Be5 41.h3 Rg5+ 42.Kh1 Kh5
43.Be6 Kh4 44.c3 bxc3 45.bxc3 Bxc3 46.Rd3 Bf6 47.Rf3 Be5 48.Re3 Bf4 49.Rf3 Bd6
50.Re3 Rc5 51.Kg2 Bf4 52.Re4 g5 53.Rc4 Re5 54.Bg4 Rd5 55.Rc6 Bd6 56.Be6 Rd2+
57.Kf3 h5 58.Rc4+ Bf4 59.Ra4 Rd3+ 60.Kg2 Rg3+ 61.Kf2 Re3 62.Bd7 Rxb3 63.Rxa5 Bg3+
64.Kg2 Rb2+ 65.Kf3 Rf2+ 66.Ke3 Rf7 67.Bf5 Bc7 68.Rb5 Kg3 69.Ke2 Bf4 70.Rb3+ Kh2
71.Bg6 Re7+ 72.Kf3 Kxh3 73.Bxh5 Kh4 74.Bg6 Bd6 75.Rb2 g4+ 76.Kg2 Kg5 77.Bd3 Re3
78.Be2 Rh3 79.Rd2 Rh2+ 80.Kf1 Bg3 81.Rd5+ Kh4 82.Rf5 Rh1+ 83.Kg2 Re1 84.Bc4 Rc1
85.Bd5 Rc2+ 86.Kf1 Bc7 87.Be4 Rc4 88.Bd5 Rd4 89.Bc6 Kg3 90.Rf7 Bb6 91.Bd7 Bd8
92.Rg7 Bg5 93.Bc8 Rd1+ 94.Ke2 Rd5 95.Kf1 Rc5 96.Rg8 Re5 97.Bd7 Kf3 98.Bc6+ Kf4
99.Kg2 Re2+ 100.Kf1 Rd2 101.Bb7 Be7 102.Rg7 Bc5 103.Rf7+ Kg3 104.Bc8 Bd4
105.Rf8 Bg7 106.Rg8 Rf2+ 107.Ke1 Rf7 108.Ke2 Re7+ 109.Kd3  0-1

[Event "zt 1.4"]
[Site "Budapest HUN"]
[Date "2000.06.20"]
[Round "4"]
[White "Socko,B"]
[Black "Ionescu,Co"]
[Result "1/2-1/2"]
[WhiteElo "2556"]
[BlackElo "2446"]

1.e4 c5 2.Nf3 e6 3.d4 cxd4 4.Nxd4 a6 5.Nc3 b5 6.Bd3 Bb7 7.O-O Nc6 8.Nxc6 Bxc6
9.Qe2 Qb8 10.a4 b4 11.Nd5 Bd6 12.h3 a5 13.Be3 Bxd5 14.exd5 Nf6 15.dxe6 fxe6
16.Rad1 O-O 17.Bd4 Rf7 18.Bb5 Qc7 19.Qc4 Nd5 20.Qxc7 Bxc7 21.c4 bxc3 22.bxc3 Rc8
23.c4 Nb4 24.Be3 d6 25.Rd2 h6 26.g3 Kf8 27.Rfd1 Ke7 28.Bf4 d5 29.Be3 Be5
30.Rc1 dxc4 31.Rxc4 Rxc4 32.Bxc4 Bc7 33.Bc5+ Kf6 34.Bd4+ Be5 35.Bb6 Nc6 36.f4 Bc7
37.Bc5 g5 38.Re2 Nd8 39.fxg5+ hxg5 40.Kg2 Rd7 41.Rf2+ Kg6 42.Bb5 Rd5 43.Be7 Bb6
44.Rf8 Kg7 45.h4 gxh4 46.gxh4 Nf7 47.Ra8 Nd6 48.Bxd6  1/2-1/2

[Event "ch-IND Women"]
[Site "Mumbai IND"]
[Date "2000.06.20"]
[Round "13"]
[White "Shah,P"]
[Black "Baisakhi Das"]
[Result "1-0"]
[WhiteElo "2138"]
[BlackElo "2135"]

1.e4 c5 2.Nf3 e6 3.d4 cxd4 4.Nxd4 a6 5.Nc3 Qc7 6.Be3 Bb4 7.Bd2 Nf6 8.Bd3 Nc6
9.Nb3 b5 10.O-O Be7 11.f4 d6 12.Qf3 Bb7 13.Qh3 h5 14.Rae1 Ng4 15.Kh1 Kd7
16.Nd5 exd5 17.exd5 Rag8 18.dxc6+ Bxc6 19.Bf5+ Kd8 20.Ba5  1-0

[Event "TCh-POR"]
[Site "Aveiro POR"]
[Date "2000.06.23"]
[Round "7"]
[White "Galego,L"]
[Black "Vitor,A"]
[Result "1/2-1/2"]
[WhiteElo "2451"]
[BlackElo "2302"]

1.e4 c5 2.Nf3 e6 3.Nc3 a6 4.d4 cxd4 5.Nxd4 d6 6.Bd3 Nf6 7.O-O g6 8.f4 Bg7
9.Kh1 O-O 10.f5 Nc6 11.Nxc6 bxc6 12.Bg5 h6 13.Bxf6 Bxf6 14.fxg6 fxg6 15.Qg4 g5
16.Qh5 Ra7 17.e5 Bxe5 18.Rxf8+ Qxf8 19.Rf1 Qd8 20.Qxh6 d5 21.Nd1 Rg7 22.Ne3 Rf7
23.Rxf7 Kxf7 24.Bg6+ Ke7 25.Qxg5+ Bf6 26.Qf4 Qd6 27.Qxd6+ Kxd6 28.b3 Kc5
29.Kg1 Kb4 30.Kf2 Ka3 31.g3 Kxa2 32.h4 Kb2 33.Ke2 Kc3 34.h5 Bg5 35.Be8 c5
36.Bg6 Kd4 37.Nd1 a5 38.c3+ Ke5 39.Nf2 Kf6 40.Ng4+ Kg7 41.Kd3 c4+ 42.bxc4 Ba6
43.Kd4 Bxc4 44.Bd3 Bb3 45.c4 Bd1 46.h6+ Bxh6 47.Nxh6 Kxh6  1/2-1/2

[Event "XVIII Open"]
[Site "Andorra AND"]
[Date "2000.06.24"]
[Round "1"]
[White "Basas Gamazo,J"]
[Black "Tyomkin,D"]
[Result "0-1"]
[WhiteElo "2104"]
[BlackElo "2516"]

1.e4 c5 2.Nf3 e6 3.d4 cxd4 4.Nxd4 a6 5.Nc3 b5 6.Bd3 Qb6 7.Nb3 Qc7 8.O-O b4
9.Ne2 Bb7 10.Be3 Nf6 11.Nd2 d5 12.exd5 Nxd5 13.Bg5 Bd6 14.h3 h6 15.Bh4 Nd7
16.Ne4 Bh2+ 17.Kh1 Be5 18.Bg3 O-O 19.c4 bxc3 20.Rc1 Bxg3 21.N2xg3 Qb6 22.bxc3 f5
23.Nd2 Nf4 24.Nf3 Rad8 25.Be2 Ne5 26.Qc2 Nxf3 27.gxf3 Qc6 28.Rfe1 Nxh3 29.Kg2 Ng5  0-1

[Event "White Nights Women"]
[Site "St Petersburg RUS"]
[Date "2000.06.26"]
[Round "4"]
[White "Sorokina,A"]
[Black "Rubzova,T"]
[Result "0-1"]
[WhiteElo "2165"]
[BlackElo "2252"]

1.e4 c5 2.Nf3 e6 3.d4 cxd4 4.Nxd4 a6 5.Nc3 Qc7 6.Be2 Nf6 7.O-O Be7 8.f4 d6
9.Bf3 O-O 10.Be3 Nc6 11.Nb3 Re8 12.a4 b6 13.g4 Bb7 14.g5 Nd7 15.Bg2 Bf8 16.Qh5 g6
17.Qh4 Bg7 18.f5 Nde5 19.Rad1 Rad8 20.Bh3 Nc4 21.Bc1 Nb4 22.f6 Bf8 23.Nd4 Ne5
24.Bf4 Nbc6 25.Nxe6 fxe6 26.f7+ Nxf7 27.Bxe6 Rxe6 28.Nd5 Qd7 29.Rd3 Nfe5
30.Rh3 Nd4 31.Bxe5 dxe5 32.Nf6+ Rxf6 33.Rxf6 Ne2+ 34.Kh1 Qd1+ 35.Kg2 Qg1+
36.Kf3 Nd4+  0-1

[Event "XVIII Open"]
[Site "Andorra AND"]
[Date "2000.06.27"]
[Round "4"]
[White "Saravanan,V"]
[Black "Stefanova,A"]
[Result "1-0"]
[WhiteElo "2412"]
[BlackElo "2495"]

1.e4 c5 2.Nf3 e6 3.d4 cxd4 4.Nxd4 a6 5.Nc3 b5 6.Bd3 Qb6 7.Nb3 Bb7 8.a4 b4
9.a5 Qc7 10.Na4 Nc6 11.Be3 Ne5 12.f4 Nxd3+ 13.cxd3 Ne7 14.O-O Nc6 15.Rc1 Qd8
16.Bb6 Qh4 17.Nac5 Bc8 18.d4 Bd6 19.g3 Qh6 20.d5 exd5 21.exd5 Ne7 22.Ne4 Bb7
23.Nxd6+ Qxd6 24.Re1 O-O 25.Bc5 Qxd5 26.Qxd5 Nxd5 27.Bxf8 Kxf8 28.Rc4 g6
29.Nc5 Bc6 30.Rd4 Ra7 31.Kf2 h5 32.Red1 Nf6 33.Rxb4 Bb5 34.Rbd4 Rc7 35.b4 Kg7
36.Rd6 Ra7 37.h3 Ne8 38.Rb6 Nf6 39.Rxb5 axb5 40.Rd6 Rc7 41.a6 Ra7 42.Ke3 Ra8
43.Kd4 Rc8 44.Rb6 Ra8 45.Ke5 h4 46.gxh4 Rh8 47.Kd6  1-0